| 000 | 00731nam a2200205 a 4500 | ||
|---|---|---|---|
| 005 | 20210219160348.0 | ||
| 008 | 081020s1989 mx r 000 0 spa d | ||
| 020 | _a9514728262 | ||
| 035 | _aUPN01000163875 | ||
| 049 | _aUNE | ||
| 080 | _a37: 342.7 (100)=20 APP No.47 | ||
| 245 | 0 | 0 |
_aApproaches to human rights teaching : _bmaterial for schools. |
| 260 |
_aHelsinki : _bFinnish National Commission for UNESCO, _c1989. |
||
| 300 |
_a91 p. ; _bil. |
||
| 440 | 0 |
_aPublications of the Finnish National Commission for UNESCO ; _v47. |
|
| 690 | _aEnseƱanza- Derechos humanos- Material didactico | ||
| 690 | _aRol del docente- EnseƱanza- Derechos humanos | ||
| 710 | 2 | _aFinnish National Commission for UNESCO. | |
| 905 | _aUNESCO | ||
| 999 |
_c135988 _d135988 |
||